Stochastic programming

Αποθηκεύτηκε σε:
Λεπτομέρειες βιβλιογραφικής εγγραφής
Κύριος συγγραφέας: Prekopa, Andras
Μορφή: Βιβλίο
Γλώσσα:English
Δημοσίευση: Dordrecht ; Boston : Kluwer Academic , c1995
Σειρά:Mathematics and its applications ; ; 324
Θέματα:
Ετικέτες: Προσθήκη ετικέτας
Δεν υπάρχουν, Καταχωρήστε ετικέτα πρώτοι!

MARC

LEADER 00000nam a2200000 i 4500
001 1/69160
008 990208s1995 eng d
020 |a 0-7923-3482-5 
035 |l 10047776 
040 |a GR-MY-UA  |b gre  |e aacr 
041 0 |a eng 
082 0 |a 519.7 
100 1 |a Prekopa, Andras. 
245 1 0 |a Stochastic programming /  |c Andras Prekopa 
260 |a Dordrecht ; Boston :   |b Kluwer Academic ,   |c c1995 
300 |a xviii, 599 p.;  |c 25 cm. 
490 1 |a Mathematics and its applications  |v ; 324 
500 |a Includes bibliography and index 
650 0 0 |a Stochastic programming. 
830 0 |a Mathematics and its applications ;  |v ; 324 
852 |a INST  |b SAMOS  |e 19990208  |h 519.7 PRE  |p 005300013494  |q 005300013494  |t BK  |y 0 
901 |a BIBL-1999-1 
909 |a Σ  |b 060641 
922 |a 3ΕΛΗ  |b 199901  |c ΕΠΕΑΕΚ/ΜΑΘ  |d LEADER